[Event "23rd Abu Dhabi Masters"]
[Site "Abu Dhabi UAE"]
[Date "2016.08.29"]
[Round "9.18"]
[White "Vaibhav, Suri"]
[Black "Mohammad, Nubairshah Shaikh"]
[Result "1-0"]
[WhiteTitle "GM"]
[WhiteElo "2556"]
[BlackElo "2415"]
[WhiteFideId "5045185"]
[BlackFideId "5053196"]
[EventDate "2016.08.21"]

1. d4 Nf6 2. Nf3 g6 3. Bg5 Bg7 4. Nbd2 d5 5. e3 O-O 6. Bd3 c5 7. c3 Qb6 8. Qb3
Nc6 9. O-O c4 10. Qxb6 axb6 11. Bc2 Bf5 12. Ne1 Bxc2 13. Nxc2 h5 14. Bxf6 Bxf6
15. b3 b5 16. Rfb1 Ra7 17. a4 cxb3 18. Nxb3 bxa4 19. Nc5 e6 20. Nd7 Rd8 21.
Nxf6+ Kg7 22. Nxd5 exd5 23. Kf1 Kf6 24. Ke2 Ke6 25. Kd3 Kd6 26. Na3 Kd7 27. h4
Kc8 28. Rb5 Ne7 29. g3 Rd6 30. Ra2 Rda6 31. f3 Rf6 32. Ke2 Rc6 33. Rb4 Ra5 34.
c4 dxc4 35. Nxc4 Nd5 36. Nxa5 Nxb4 37. Rxa4 Rc2+ 38. Kd1 Rb2 39. Nc4 Rb3 40. Ra5
Rb1+ 41. Kd2 Rg1 42. Rc5+ Kb8 43. Kc3 Na6 44. Rg5 Nc7 45. d5 b5 46. Nd6 f6 47.
Rxg6 Nxd5+ 48. Kd2 b4 49. Rg7 Ka8 50. e4 Rg2+ 51. Kd3 Nf4+ 52. Kc4 Ne2 53. Kxb4
Rxg3 54. Rxg3 Nxg3 55. Kc5 Kb8 56. Kd5 Ne2 57. Ne8 Ng1 58. f4 Ne2 59. f5 Nf4+
60. Kd6 Ng2 61. Nxf6 Nxh4 62. Nxh5 Kc8 63. f6 Ng6 64. f7 Kd8 65. Nf4 Nf8 66.
Ne6+ 1-0

[Event "23rd Abu Dhabi Masters"]
[Site "Abu Dhabi UAE"]
[Date "2016.08.29"]
[Round "9.19"]
[White "Karavade, Eesha"]
[Black "Melkumyan, Hrant"]
[Result "1/2-1/2"]
[WhiteTitle "IM"]
[BlackTitle "GM"]
[WhiteElo "2415"]
[BlackElo "2650"]
[WhiteFideId "5012600"]
[BlackFideId "13302485"]
[EventDate "2016.08.21"]

1. d4 Nf6 2. c4 e6 3. Nf3 d5 4. Nc3 Nbd7 5. Bg5 Be7 6. e3 O-O 7. Qc2 a6 8. Rd1
c6 9. a3 b5 10. c5 Nh5 11. Bxe7 Qxe7 12. Be2 f5 13. Ne5 Nxe5 14. dxe5 Qg5 15. g3
f4 16. exf4 Nxf4 17. gxf4 Rxf4 18. Qd3 Qxe5 19. Qe3 Qf6 20. Qg3 Bd7 21. f3 Be8
22. h4 h6 23. h5 Bf7 24. Rd2 e5 25. Nd1 Rf5 26. Ne3 Rg5 27. Ng4 Qe7 28. f4 exf4
29. Qxf4 Re8 30. Kd1 d4 31. Qxd4 Rxc5 32. Rh3 Rd5 33. Qf2 Qe4 34. Kc1 Rg5 35.
Re3 Rc5+ 36. Rc3 Rf5 37. Qg3 Rg5 38. Qf3 Qxf3 39. Bxf3 Bxh5 40. Nxh6+ gxh6 41.
Bxh5 Rxh5 42. Rxc6 a5 43. Rc7 Rg5 44. Kc2 h5 45. Ra7 a4 46. Rc7 Rf8 47. Kc3 Rf7
48. Rc8+ Kg7 49. Rcd8 h4 50. R8d4 Rh5 51. Rh2 Rf3+ 52. Kb4 h3 53. Rd6 Rg5 54.
Rd4 Kh6 55. Rc2 Kh5 56. Rc8 Kg6 57. Rg8+ Kh5 58. Rh8+ Kg6 59. Rg8+ Kf6 60. Rf8+
Ke5 61. Rxf3 Kxd4 62. Rxh3 Re5 63. b3 axb3 64. Rxb3 Re8 65. Rh3 Kd5 66. Rh5+ Kc6
67. Rh6+ Kb7 68. Rh7+ Kb6 69. Rh6+ 1/2-1/2

[Event "23rd Abu Dhabi Masters"]
[Site "Abu Dhabi UAE"]
[Date "2016.08.29"]
[Round "9.20"]
[White "Bortnyk, Olexandr"]
[Black "Savanovic, Aleksandar"]
[Result "1/2-1/2"]
[WhiteTitle "GM"]
[BlackTitle "IM"]
[WhiteElo "2588"]
[BlackElo "2440"]
[WhiteFideId "14120828"]
[BlackFideId "914932"]
[EventDate "2016.08.21"]

1. e4 e5 2. Nf3 Nc6 3. Bc4 Bc5 4. d3 Nf6 5. O-O d6 6. a4 O-O 7. c3 a6 8. Bg5 h6
9. Bh4 g5 10. Bg3 Bg4 11. Nbd2 Nh5 12. b4 Nxg3 13. hxg3 Ba7 14. Bd5 Rb8 15. Bxc6
bxc6 16. Nc4 f5 17. exf5 Rxf5 18. b5 Qf6 19. Ncd2 axb5 20. axb5 Bb6 21. bxc6 Rf8
22. Qb3+ Kg7 23. Ra6 Qg6 24. Qc4 h5 25. Rb1 R5f7 26. Rbxb6 cxb6 27. Rxb6 Be6 28.
Qb5 g4 29. Nh4 Qg5 30. Ne4 Qc1+ 31. Kh2 Rxf2 32. Rb7+ Kh6 33. Nxf2 Rxf2 34. Re7
Bf7 35. Qb8 Kg7 36. Qxd6 Rf1 37. Qxe5+ Kg8 38. Qb8+ Kg7 39. Qe5+ Kg8 40. Re8+
Bxe8 41. Qxe8+ Kg7 42. Qe7+ Kg8 43. Qe8+ Kg7 44. Qg6+ Kf8 45. Qd6+ Kg8 46. Qd8+
Kf7 47. Qd7+ Kg8 48. Qe6+ Kf8 49. Qc8+ Kf7 50. Qd7+ Kg8 51. Qe8+ Kg7 52. Nf5+
Kf6 53. Qf8+ Kg5 54. Qd8+ Kxf5 55. Qd5+ Kf6 56. Qd6+ Kf7 57. Qd7+ Kf8 58. Qd8+
Kg7 59. Qe7+ Kg6 60. Qe6+ Kg7 61. Qe7+ 1/2-1/2

[Event "23rd Abu Dhabi Masters"]
[Site "Abu Dhabi UAE"]
[Date "2016.08.29"]
[Round "9.21"]
[White "Antipov, Mikhail Al."]
[Black "Ameir, Moheb"]
[Result "1-0"]
[WhiteTitle "GM"]
[BlackTitle "IM"]
[WhiteElo "2565"]
[BlackElo "2431"]
[WhiteFideId "4107012"]
[BlackFideId "10600620"]
[EventDate "2016.08.21"]

1. e4 c5 2. Nf3 e6 3. d4 cxd4 4. Nxd4 Nc6 5. Nc3 Qc7 6. Be3 a6 7. Qf3 Nf6 8.
O-O-O Bb4 9. Nxc6 dxc6 10. Bd4 e5 11. Qg3 Ng4 12. f3 Qa5 13. Bg1 Bxc3 14. bxc3
Qa3+ 15. Kd2 f5 16. fxg4 f4 17. Qh4 O-O 18. Bc4+ Kh8 19. Bb6 Qa4 20. Bb3 Qxe4
21. Kc1 Qg6 22. h3 Be6 23. Rd6 Rae8 24. Re1 e4 25. Bd4 e3 26. Qh5 Qe4 27. Qg5
Rg8 28. Bxe6 Rxe6 29. Rxe6 Qxe6 30. Qxf4 Qxa2 31. Rxe3 Qa3+ 32. Kd2 Rd8 33. Qc7
Qf8 34. Ke2 1-0

[Event "23rd Abu Dhabi Masters"]
[Site "Abu Dhabi UAE"]
[Date "2016.08.29"]
[Round "9.22"]
[White "Sadzikowski, Daniel"]
[Black "Pascua, Haridas"]
[Result "1/2-1/2"]
[WhiteTitle "IM"]
[BlackTitle "IM"]
[WhiteElo "2551"]
[BlackElo "2404"]
[WhiteFideId "1132253"]
[BlackFideId "5203953"]
[EventDate "2016.08.21"]

1. e4 c5 2. Nf3 d6 3. d4 cxd4 4. Nxd4 Nf6 5. Nc3 a6 6. h3 e6 7. g4 Be7 8. g5
Nfd7 9. Be3 b5 10. a3 Bb7 11. h4 Nc6 12. Qd2 Rc8 13. Nxc6 Bxc6 14. O-O-O Qa5 15.
Kb1 b4 16. axb4 Qxb4 17. Qd4 Rb8 18. Qxb4 Rxb4 19. Bxa6 Bxe4 20. Nxe4 Rxe4 21.
Bb5 Kd8 22. Bd3 Ra4 23. b3 Ra8 24. Bd4 f6 25. f4 Kc7 26. Rhe1 e5 27. fxe5 Nxe5
28. Be4 Ra6 29. Re3 Kb8 30. Bxe5 fxe5 31. Rf1 Ra7 32. Rf7 g6 33. b4 Rf8 34. Rxh7
Bxg5 35. Rxa7 Rf1+ 36. Kb2 Bxe3 37. Rb7+ Kc8 38. c3 Rf4 39. Bd5 Rxh4 40. Rg7 Bf2
41. Rxg6 Kc7 42. Rg7+ Kd8 43. Rg2 Rf4 44. Kb3 Be1 45. Rg8+ Ke7 46. Rg7+ Kf6 47.
Rf7+ Kg5 48. Rd7 Rf6 49. b5 Bf2 50. Rc7 Bc5 51. Rxc5 dxc5 52. Kc4 Kf4 53. Kxc5
e4 54. b6 Ke3 55. b7 Rf8 56. c4 Kd3 57. Kb5 e3 58. c5 Kd4 59. Bc4 Rf2 60. Kc6
Rb2 61. Bb5 e2 62. b8=Q e1=Q 63. Qd8+ Ke3 64. Qd3+ Kf4 65. Qd6+ Qe5 1/2-1/2

[Event "23rd Abu Dhabi Masters"]
[Site "Abu Dhabi UAE"]
[Date "2016.08.29"]
[Round "9.23"]
[White "Vishnu Prasanna, V"]
[Black "Tania, Sachdev"]
[Result "1-0"]
[WhiteTitle "GM"]
[BlackTitle "IM"]
[WhiteElo "2512"]
[BlackElo "2396"]
[WhiteFideId "5030692"]
[BlackFideId "5007844"]
[EventDate "2016.08.21"]

1. d4 Nf6 2. c4 e6 3. g3 d5 4. Bg2 dxc4 5. Nf3 c5 6. O-O Nc6 7. Qa4 Bd7 8. Qxc4
b5 9. Qd3 c4 10. Qd1 Rc8 11. Re1 Be7 12. e4 Nb4 13. Ne5 O-O 14. Nc3 Nc6 15. Nxd7
Qxd7 16. e5 Nd5 17. Qg4 h5 18. Qxh5 Ncb4 19. Be4 f5 20. exf6 Nxf6 21. Qxb5 Qxb5
22. Nxb5 Rb8 23. Nc3 Nxe4 24. Rxe4 Nc2 25. Rb1 Rf3 26. Be3 Kf7 27. d5 exd5 28.
Nxd5 Bd6 29. Bxa7 Rb5 30. Rc1 Rxb2 31. Re2 Rxa2 32. Rcxc2 Rxa7 33. Rxc4 Ra5 34.
Nc3 Rd3 35. Ne4 Be5 36. Kg2 Rd1 37. Rc6 1-0

[Event "23rd Abu Dhabi Masters"]
[Site "Abu Dhabi UAE"]
[Date "2016.08.29"]
[Round "9.24"]
[White "Swapnil, S. Dhopade"]
[Black "Ravi, Teja S."]
[Result "1/2-1/2"]
[WhiteTitle "GM"]
[BlackTitle "IM"]
[WhiteElo "2500"]
[BlackElo "2387"]
[WhiteFideId "5019184"]
[BlackFideId "5017220"]
[EventDate "2016.08.21"]

1. d4 d5 2. Nf3 c6 3. c4 Nf6 4. Qc2 dxc4 5. e4 b5 6. b3 Bg4 7. bxc4 Bxf3 8. gxf3
Qxd4 9. Bb2 Qc5 10. Nd2 e6 11. Be2 Nbd7 12. Nb3 Qg5 13. cxb5 cxb5 14. Kf1 Rd8
15. Rd1 a6 16. Qc6 Qh4 17. h3 Be7 18. Qc7 Nh5 19. Bc1 Bg5 20. Nc5 Bxc1 21. Nxd7
Qe7 22. Qxc1 Rxd7 23. Qc6 e5 24. a4 Nf6 25. axb5 a5 26. Qa8+ Qd8 27. Qxd8+ Kxd8
28. Kg2 Rxd1 29. Rxd1+ Kc7 30. Rc1+ Kb7 31. Rc6 Nh5 32. Bc4 f6 33. Ra6 Nf4+ 34.
Kg3 Rc8 35. Bd5+ Nxd5 36. exd5 Rc5 37. Rxa5 Rxd5 38. h4 Rd3 39. Ra6 e4 40. Re6
Rxf3+ 41. Kg2 Rf4 42. Kg3 Rf3+ 43. Kg2 Rf4 44. Kg3 1/2-1/2

[Event "23rd Abu Dhabi Masters"]
[Site "Abu Dhabi UAE"]
[Date "2016.08.29"]
[Round "9.25"]
[White "Vignesh, N R"]
[Black "Golubov, Saveliy"]
[Result "1-0"]
[WhiteTitle "IM"]
[BlackTitle "IM"]
[WhiteElo "2423"]
[BlackElo "2481"]
[WhiteFideId "25012215"]
[BlackFideId "24176729"]
[EventDate "2016.08.21"]

1. e4 d6 2. d4 Nf6 3. Nc3 g6 4. Bg5 Bg7 5. Qd2 h6 6. Bxf6 Bxf6 7. f4 e5 8. dxe5
dxe5 9. Qxd8+ Kxd8 10. O-O-O+ Nd7 11. Bc4 exf4 12. Nd5 Bg7 13. Nxf4 Ke7 14. Nd5+
Kd8 15. Nf4 Ke7 16. Nf3 c6 17. Rhf1 Rf8 18. e5 Nc5 19. Nd4 h5 20. b4 Ne4 21. e6
Bh6 22. exf7 Nd6 23. Rde1+ Kd8 24. Bb3 Nxf7 25. Kb1 1-0

[Event "23rd Abu Dhabi Masters"]
[Site "Abu Dhabi UAE"]
[Date "2016.08.29"]
[Round "9.26"]
[White "Swayams, Mishra"]
[Black "Dimakiling, Oliver"]
[Result "0-1"]
[WhiteTitle "IM"]
[BlackTitle "IM"]
[WhiteElo "2468"]
[BlackElo "2382"]
[WhiteFideId "5028183"]
[BlackFideId "5202248"]
[EventDate "2016.08.21"]

1. d4 Nf6 2. c4 d6 3. Nf3 Bf5 4. Nc3 h6 5. e3 Nbd7 6. Bd3 Bxd3 7. Qxd3 e5 8. O-O
g6 9. b4 Bg7 10. Bb2 exd4 11. exd4 O-O 12. Rae1 c6 13. Bc1 Nb6 14. h3 a5 15. b5
Rc8 16. Nd2 Nh5 17. Ba3 c5 18. d5 Nf4 19. Qg3 Be5 20. Qf3 Nxg2 21. Kxg2 Qg5+ 22.
Kh1 Qxd2 23. Rxe5 dxe5 24. Bc1 Qd4 25. Bxh6 Nxc4 26. Rd1 Qh4 27. Bxf8 Kxf8 28.
d6 Rd8 29. Ne4 b6 30. d7 f5 31. Nd6 e4 32. Nxf5 Qf6 33. Qxe4 Qxf5 34. Qxc4 Qf3+
35. Kh2 Qxf2+ 36. Kh1 Qf3+ 37. Kh2 Qxd1 38. Qf4+ Ke7 39. Qe4+ Kxd7 40. Qc6+ Ke7
41. Qe4+ Kf7 42. Qf4+ Kg8 0-1

[Event "23rd Abu Dhabi Masters"]
[Site "Abu Dhabi UAE"]
[Date "2016.08.29"]
[Round "9.27"]
[White "Eggleston, David J"]
[Black "Georgescu, Tiberiu-Marian"]
[Result "1-0"]
[WhiteTitle "IM"]
[BlackTitle "GM"]
[WhiteElo "2384"]
[BlackElo "2463"]
[WhiteFideId "412120"]
[BlackFideId "1213300"]
[EventDate "2016.08.21"]

1. e4 d6 2. d4 Nf6 3. Nc3 e5 4. Nf3 Nbd7 5. Bc4 Be7 6. O-O O-O 7. Re1 a6 8. a4
b6 9. b3 Bb7 10. d5 Ne8 11. Qd2 Ndf6 12. Bf1 Kh8 13. a5 g6 14. Na2 bxa5 15. Qxa5
c5 16. Qxd8 Bxd8 17. Bh6 Ng7 18. Nc3 Ng4 19. Bc1 f5 20. h3 Nf6 21. Bc4 Nd7 22.
Bh6 Nb6 23. Ng5 Bc8 24. Red1 Rf6 25. Bf1 Ne8 26. Na4 Nxa4 27. Rxa4 Nc7 28. Ra3
Be7 29. Bc4 Ra7 30. f4 exf4 31. e5 Rf8 32. Bxf8 Bxf8 33. Nf7+ Kg7 34. Nxd6 Bxd6
35. exd6 Ne8 36. Bxa6 Nxd6 37. Rda1 Rd7 38. Bxc8 Nxc8 39. Ra8 Nb6 40. R8a7 Kf6
41. R7a6 Rb7 42. Re1 Kf7 43. c4 Nd7 44. Rc6 Nf6 45. d6 Rd7 46. Rc7 Kf8 47. Rxd7
Nxd7 48. Re7 Nf6 49. Rc7 Ke8 50. Rg7 Kd8 51. Rf7 Ne4 52. Rxh7 f3 53. gxf3 Ng5
54. Rh8+ Kd7 55. Kf2 Kxd6 56. Rh6 Ke5 57. h4 Nh3+ 58. Ke3 Nf4 59. Rh8 Ng2+ 60.
Kf2 Nf4 61. Rd8 Ne6 62. Re8 Kf6 63. Rc8 Ke5 64. Rc6 f4 65. Rb6 Nf8 66. b4 cxb4
67. Rxb4 Nd7 68. Rb5+ Ke6 69. Ke2 1-0

[Event "23rd Abu Dhabi Masters"]
[Site "Abu Dhabi UAE"]
[Date "2016.08.29"]
[Round "9.28"]
[White "Kunal, M."]
[Black "Illingworth, Max"]
[Result "1/2-1/2"]
[BlackTitle "GM"]
[WhiteElo "2302"]
[BlackElo "2458"]
[WhiteFideId "5018250"]
[BlackFideId "3205207"]
[EventDate "2016.08.21"]

1. e4 c5 2. Nf3 g6 3. c3 d5 4. exd5 Qxd5 5. d4 Bg7 6. Be3 Nf6 7. h3 cxd4 8. cxd4
O-O 9. Nc3 Qd6 10. Bc4 a6 11. a4 Nc6 12. O-O Bf5 13. d5 Na5 14. Ba2 Rac8 15. Bd4
Rfe8 16. Re1 Qb4 17. Ne5 Nd7 18. d6 Nxe5 19. Bxe5 exd6 20. Nd5 Qxe1+ 21. Qxe1
Nc6 22. Qe3 Bxe5 23. Qb6 Nd8 24. f4 Bg7 25. Qxd6 Bxb2 26. Rd1 Nc6 27. Nf6+ Bxf6
28. Qxf6 Be6 29. Bxe6 Rxe6 30. Qb2 b5 31. f5 gxf5 32. Qf2 Ne7 33. a5 Rc4 34.
Rd8+ Kg7 35. Qb2+ Kg6 36. Rb8 f4 37. Rb6 Rcc6 38. Qd4 Nf5 39. Qxf4 Rxb6 40. axb6
Rxb6 41. h4 Nxh4 42. Qg4+ Kh6 43. Qxh4+ Kg7 44. Qd4+ Rf6 45. Kh2 h6 46. Kh3 Kg6
47. Kh4 Re6 48. g4 Kh7 49. Kh5 Kg8 50. Qc5 Rg6 51. Qc8+ Kg7 52. Qc3+ Kg8 53. Kh4
Re6 54. Kg3 Rg6 55. Kf4 Re6 56. Kf5 Rg6 57. Qc8+ Kg7 58. Qc3+ Kg8 59. Qc8+ Kg7
60. Qc3+ Kg8 1/2-1/2

[Event "23rd Abu Dhabi Masters"]
[Site "Abu Dhabi UAE"]
[Date "2016.08.29"]
[Round "9.29"]
[White "Thejkumar, M. S."]
[Black "Abhishek, Kelkar"]
[Result "1/2-1/2"]
[WhiteTitle "IM"]
[BlackTitle "IM"]
[WhiteElo "2445"]
[BlackElo "2380"]
[WhiteFideId "5009154"]
[BlackFideId "5019257"]
[EventDate "2016.08.21"]

1. d4 d5 2. c4 c6 3. cxd5 cxd5 4. Nc3 Nc6 5. Bf4 e5 6. dxe5 d4 7. Ne4 Qa5+ 8.
Nd2 Nge7 9. Nf3 Nd5 10. g3 f6 11. exf6 gxf6 12. Bg2 Nxf4 13. gxf4 Rg8 14. Kf1
Be6 15. Nb3 Qh5 16. Rg1 Bh3 17. Qd3 O-O-O 18. Rc1 Bb4 19. Ne1 Bxg2+ 20. Nxg2
Qxh2 21. a3 Bd6 22. Nxd4 Bc7 23. Rxc6 bxc6 24. Qa6+ Kd7 25. Qxc6+ Kc8 26. e3 Rd6
27. Qc2 Rgd8 28. Ne1 Rxd4 29. exd4 Qxf4 30. Qc6 Qxd4 31. Qa8+ Bb8 32. Qc6+ Bc7
33. Rg7 Rd7 34. Rxd7 Qxd7 35. Qxf6 Bb6 36. Qf8+ Kb7 37. Qf3+ Qc6 38. Ke2 Qxf3+
39. Nxf3 Kc6 40. Nd2 Kd5 41. f4 Kd4 42. Kf3 Kd3 43. Ne4 Kc2 44. b4 Kb3 45. f5
Bd8 46. f6 Bxf6 47. Nxf6 Kxa3 48. Nxh7 Kxb4 49. Ke2 Kc3 50. Kd1 Kb2 51. Nf6 a5
52. Nd7 1/2-1/2

[Event "23rd Abu Dhabi Masters"]
[Site "Abu Dhabi UAE"]
[Date "2016.08.29"]
[Round "9.30"]
[White "Fawzy, Adham"]
[Black "Antonio, Viani D'cunha"]
[Result "0-1"]
[WhiteTitle "IM"]
[WhiteElo "2440"]
[BlackElo "2346"]
[WhiteFideId "10613129"]
[BlackFideId "5027330"]
[EventDate "2016.08.21"]

1. d4 Nf6 2. c4 g6 3. Nc3 Bg7 4. e4 d6 5. Bd3 O-O 6. Nge2 c5 7. d5 e6 8. h3 exd5
9. cxd5 Re8 10. O-O c4 11. Bc2 b5 12. a3 Na6 13. Nd4 Nc5 14. Re1 Bd7 15. f4 Qb6
16. Be3 b4 17. axb4 Qxb4 18. Nc6 Bxc6 19. dxc6 Qxb2 20. e5 dxe5 21. Bxc5 exf4
22. Rxa7 Rxa7 23. Rxe8+ Nxe8 24. Qd8 Qa1+ 25. Kh2 Ra8 26. c7 Bf6 27. c8=Q Bxd8
28. Qc6 Bh4 29. Ne4 Qe1 30. g4 Qe2+ 31. Kh1 Qf3+ 32. Kh2 Bg3+ 0-1

[Event "23rd Abu Dhabi Masters"]
[Site "Abu Dhabi UAE"]
[Date "2016.08.29"]
[Round "9.31"]
[White "Sankalp, Gupta"]
[Black "Narayanan, Srinath"]
[Result "1/2-1/2"]
[BlackTitle "IM"]
[WhiteElo "1990"]
[BlackElo "2477"]
[WhiteFideId "5097010"]
[BlackFideId "5018420"]
[EventDate "2016.08.21"]

1. e4 c5 2. Nf3 d6 3. d4 Nf6 4. Nc3 cxd4 5. Nxd4 a6 6. Bg5 e6 7. f4 Nbd7 8. Qf3
Qc7 9. O-O-O Be7 10. f5 e5 11. Nde2 b5 12. Bxf6 Nxf6 13. Nd5 Nxd5 14. exd5 Bb7
15. Ng3 Rc8 16. Bd3 Qa5 17. Kb1 b4 18. Be4 f6 19. Qh5+ Kd7 20. Qf7 Rcf8 21. Qxg7
h5 22. Bf3 1/2-1/2

[Event "23rd Abu Dhabi Masters"]
[Site "Abu Dhabi UAE"]
[Date "2016.08.29"]
[Round "9.32"]
[White "Gupta, Abhijeet"]
[Black "Estremera Panos, Sergio"]
[Result "1/2-1/2"]
[WhiteTitle "GM"]
[BlackTitle "IM"]
[WhiteElo "2637"]
[BlackElo "2360"]
[WhiteFideId "5010608"]
[BlackFideId "2200864"]
[EventDate "2016.08.21"]

1. d4 Nf6 2. c4 e6 3. Nf3 d5 4. g3 Bb4+ 5. Nbd2 dxc4 6. Bg2 O-O 7. Qc2 b5 8. a4
Bb7 9. axb5 Qd5 10. Qa4 Bxd2+ 11. Bxd2 a6 12. bxa6 Rxa6 13. Qd1 Rxa1 14. Qxa1
Nbd7 15. O-O Ra8 16. Qc1 c5 17. dxc5 Nxc5 18. Bb4 Nb3 19. Qe3 Qb5 20. Ba3 Rd8
21. Qf4 h6 22. Be7 Nd5 23. Qe5 Re8 24. Ba3 f6 25. Qe4 c3 26. Qc2 Rc8 27. Rb1 Qa4
28. bxc3 Rxc3 29. Qb2 Na5 30. Ra1 Rb3 31. Qc2 Qc4 32. Qxc4 Nxc4 33. Bc5 Rb5 34.
Ba7 Ra5 35. Rxa5 Nxa5 36. Bh3 f5 37. Nd4 Nc6 38. Nxc6 Bxc6 39. e4 fxe4 40. Bxe6+
Kf8 41. Bc5+ Ke8 42. Kf1 Nc7 43. Bb3 Bd5 44. Bc2 Ne6 45. Bb6 Kf7 46. Ke2 Kf6 47.
Ke3 Ke5 48. Ba5 Kf6 49. Bc3+ Kf7 50. Bxe4 Bxe4 51. Kxe4 h5 52. f4 g6 53. f5 Ng5+
54. Kf4 Nh3+ 55. Ke5 Nf2 56. h4 Ng4+ 57. Kf4 Nh6 58. f6 Ng4 59. Kg5 Nh2 60. Bb4
Ng4 61. Be7 Nh2 62. Kf4 Ng4 63. Kg5 Nh2 64. Kf4 Ng4 1/2-1/2

[Event "23rd Abu Dhabi Masters"]
[Site "Abu Dhabi UAE"]
[Date "2016.08.29"]
[Round "9.33"]
[White "Ziska, Helgi Dam"]
[Black "Derakhshani, Borna"]
[Result "1-0"]
[WhiteTitle "IM"]
[BlackTitle "FM"]
[WhiteElo "2546"]
[BlackElo "2265"]
[WhiteFideId "7200595"]
[BlackFideId "12518450"]
[EventDate "2016.08.21"]

1. e4 c6 2. Nc3 d5 3. Nf3 Nf6 4. e5 Ne4 5. d4 c5 6. Bb5+ Nc6 7. O-O Nxc3 8. bxc3
c4 9. Ba3 Bg4 10. h3 Bxf3 11. Bxc6+ bxc6 12. Qxf3 e6 13. Bxf8 Rxf8 14. Qh5 h6
15. Rab1 Rb8 16. f4 Rb6 17. a4 Kd7 18. h4 Kc7 19. a5 Rxb1 20. Rxb1 Qc8 21. Qg4
Rg8 22. h5 g6 23. hxg6 Rxg6 24. Qh4 f6 25. exf6 Qg8 26. Qh2 1-0

[Event "23rd Abu Dhabi Masters"]
[Site "Abu Dhabi UAE"]
[Date "2016.08.29"]
[Round "9.34"]
[White "Kulkarni, Rakesh"]
[Black "Gusain, Himal"]
[Result "1-0"]
[WhiteElo "2316"]
[BlackElo "2453"]
[WhiteFideId "5037077"]
[BlackFideId "5033861"]
[EventDate "2016.08.21"]

1. e4 e5 2. Nf3 Nc6 3. d4 exd4 4. Nxd4 Nf6 5. Nc3 Bb4 6. Nxc6 bxc6 7. Bd3 d5 8.
exd5 cxd5 9. O-O O-O 10. h3 Rb8 11. Qf3 Be6 12. Bf4 Bd6 13. b3 Bxf4 14. Qxf4 c5
15. Rad1 Qa5 16. Qd2 Qc7 17. Rfe1 Rfd8 18. Bf1 h6 19. Ne2 Ne4 20. Qe3 Qa5 21.
Nf4 Nc3 22. Qd2 Bc8 23. Re3 d4 24. Rxc3 g5 25. Rg3 1-0

[Event "23rd Abu Dhabi Masters"]
[Site "Abu Dhabi UAE"]
[Date "2016.08.29"]
[Round "9.35"]
[White "Aradhya, Garg"]
[Black "Kjartansson, Gudmundur"]
[Result "1-0"]
[BlackTitle "IM"]
[WhiteElo "2262"]
[BlackElo "2442"]
[WhiteFideId "25006746"]
[BlackFideId "2301318"]
[EventDate "2016.08.21"]

1. d4 Nf6 2. c4 e6 3. Nf3 d5 4. Nc3 c6 5. e3 Nbd7 6. Qc2 Bd6 7. Bd3 O-O 8. O-O
dxc4 9. Bxc4 b5 10. Be2 Bb7 11. e4 e5 12. dxe5 Nxe5 13. Nd4 Neg4 14. g3 Bc5 15.
Nf5 Re8 16. Bxg4 Nxg4 17. Qe2 Ne5 18. Rd1 Qf6 19. Be3 Bxe3 20. Qxe3 Nc4 21. Qf3
Rad8 22. Rxd8 Rxd8 23. Rd1 Rxd1+ 24. Qxd1 g6 25. Nh6+ Kg7 26. Ng4 Qd6 27. Qxd6
Nxd6 28. f3 f5 29. exf5 gxf5 30. Ne5 c5 31. Kf2 c4 32. Ke3 Kf6 33. Kd4 Ke6 34.
f4 Be4 35. a4 a6 36. Kc5 Bd3 37. axb5 axb5 38. Nxb5 Nxb5 39. Kxb5 Kd5 40. b3
cxb3+ 41. Nxd3 Kd4 42. Nb2 h5 43. Kb4 Ke3 44. Kxb3 Kf3 45. Nd1 h4 46. gxh4 Kxf4
47. Nf2 Kf3 48. h5 Kxf2 49. h6 1-0

[Event "23rd Abu Dhabi Masters"]
[Site "Abu Dhabi UAE"]
[Date "2016.08.29"]
[Round "9.36"]
[White "Sardana, Rishi"]
[Black "Sidhant, Mohapatra"]
[Result "0-1"]
[WhiteTitle "IM"]
[WhiteElo "2403"]
[BlackElo "2259"]
[WhiteFideId "25004301"]
[BlackFideId "5028698"]
[EventDate "2016.08.21"]

1. e4 c5 2. Nf3 d6 3. Bb5+ Nd7 4. O-O Nf6 5. Re1 a6 6. Bf1 b6 7. d4 cxd4 8. Nxd4
Bb7 9. c4 e6 10. Nc3 Be7 11. f3 O-O 12. Be3 Rc8 13. Qd2 Re8 14. Rac1 Qc7 15.
Red1 Qb8 16. b3 Bd8 17. Kh1 Bc7 18. Bg1 Ne5 19. Na4 d5 20. exd5 exd5 21. c5 b5
22. Nb2 Nc6 23. Nd3 Nxd4 24. Bxd4 Re6 25. Re1 Rce8 26. Rxe6 Rxe6 27. Re1 Qe8 28.
Rxe6 Qxe6 29. Qc3 Qf5 30. Be5 Ne4 31. Qd4 Bxe5 32. Nxe5 Nxc5 33. Ng4 Qc8 34. Ne3
Ne6 35. Qb6 Qc7 36. Qa7 d4 37. Nf5 g6 38. Nd6 Qxd6 39. Qxb7 d3 40. Qc8+ Nd8 41.
Qc1 d2 42. Qd1 Nc6 43. a3 Qd4 44. Be2 Qe3 45. Qf1 Nd4 46. Bd1 Qe1 47. Kg1 Nf5 0-1

[Event "23rd Abu Dhabi Masters"]
[Site "Abu Dhabi UAE"]
[Date "2016.08.29"]
[Round "9.37"]
[White "Ashwath, R."]
[Black "Raetsky, Alexander"]
[Result "1/2-1/2"]
[BlackTitle "GM"]
[WhiteElo "2227"]
[BlackElo "2384"]
[WhiteFideId "5021049"]
[BlackFideId "4103203"]
[EventDate "2016.08.21"]

1. d4 e6 2. c4 f5 3. Nf3 Nf6 4. g3 Be7 5. Bg2 O-O 6. O-O d6 7. Nc3 a5 8. Re1 Ne4
9. Qc2 Nxc3 10. Qxc3 Nc6 11. e4 e5 12. dxe5 dxe5 13. c5 Bf6 14. exf5 Bxf5 15.
Qb3+ Kh8 16. Qxb7 Nb4 17. Nxe5 Rb8 18. Nc6 Rxb7 19. Nxd8 Rb5 20. Nf7+ Kg8 21. a3
Nc2 22. Bd5 Nxe1 23. Nd6+ Kh8 24. Nxb5 Nc2 25. Ra2 Rd8 26. Bf3 Be6 27. b3 Bxb3
28. Rxc2 Bxc2 29. Bf4 g5 30. Bxc7 Rd3 31. Kg2 Rb3 32. a4 Rb4 33. Bxa5 Rxa4 34.
Bb6 Bd3 35. Nd6 g4 36. Bd5 Bd4 37. h3 h5 38. hxg4 hxg4 39. f3 Ra1 40. fxg4 Rc1
41. Be4 Bf1+ 42. Kf3 Bxc5 43. Bxc5 Rxc5 44. Nf5 1/2-1/2

[Event "23rd Abu Dhabi Masters"]
[Site "Abu Dhabi UAE"]
[Date "2016.08.29"]
[Round "9.38"]
[White "Iniyan, P"]
[Black "Sadhwani, Raunak"]
[Result "1-0"]
[BlackTitle "CM"]
[WhiteElo "2368"]
[BlackElo "2069"]
[WhiteFideId "25002767"]
[BlackFideId "35093487"]
[EventDate "2016.08.21"]

1. d4 Nf6 2. c4 e6 3. Nc3 Bb4 4. Qc2 O-O 5. Nf3 c5 6. dxc5 Na6 7. g3 Nxc5 8. Bg2
Nce4 9. O-O Nxc3 10. bxc3 Be7 11. e4 d6 12. e5 dxe5 13. Nxe5 Qc7 14. Re1 Bd6 15.
Qe2 Nd7 16. Bf4 Nxe5 17. Bxe5 Bxe5 18. Qxe5 Qxe5 19. Rxe5 f6 20. Rc5 Rb8 21. Rd1
e5 22. Rc7 Be6 23. Rd6 Rbc8 24. Rxb7 Bxc4 25. Rxa7 Rfd8 26. Rxd8+ Rxd8 27. Be4
Rd1+ 28. Kg2 Re1 29. Ba8 e4 30. g4 Re2 31. Rc7 Bxa2 32. Kf1 Rb2 33. Bxe4 Be6 34.
Bf3 Rc2 35. Kg2 Rd2 36. h3 Bd5 37. h4 h5 38. gxh5 Kh7 39. Rc5 Bxf3+ 40. Kxf3 Kh6
41. Kg3 Rd3+ 42. Kg4 Rd1 43. Rc8 Rg1+ 44. Kf5 Kh7 45. h6 Rf1 46. f4 g6+ 47. Kxf6
Rxf4+ 48. Kg5 Rf5+ 49. Kg4 Kxh6 50. Rc4 Rf1 51. Re4 Rg1+ 52. Kf4 Kh5 53. Ke5 g5
54. hxg5 Kxg5 55. c4 Rc1 56. Kd6 Rd1+ 57. Ke6 Rc1 58. Re5+ Kg6 59. c5 Kg7 60.
Ke7 Kg6 61. Re6+ Kf5 62. c6 Rh1 63. Kd7 Rh8 64. c7 Rf8 65. Re8 Rf7+ 66. Kd8 1-0